Top 10 Most Densely Populated Countries or Territories - Statistics

General Stats
  • This quiz has been taken 5 times
  • The average score is 6 of 10
Answer Stats
Hint Answer % Correct
25,732/km squared Monaco
100%
1,350/ km squared Bangladesh
75%
1,766/km squared Maldives
75%
1,731/km squared Malta
75%
8,596/km squared Singapore
75%
2,099/km squared Bahrain
50%
4,013/km squared Gibraltar
50%
6,730/km squared Hong Kong
50%
22,563/km squared Macao
25%
1,292/km squared Sint Maarten
0%
No matching quizzes found
Score Distribution
Percent of People with Each Score
Percentile by Number Answered
Your Score History
You have not taken this quiz